Statistics for Internet Codes by Country

Click here to take the quiz!

General Stats

  • This quiz has been taken 64 times
  • The average score is 29 of 30

Answer Stats

CountryCode% Correct
Brazil.br
100%
Mexico.mx
100%
New Zealand.nz
100%
Pakistan.pk
100%
Australia.au
98%
France.fr
98%
Ghana.gh
98%
Jordan.jo
98%
Japan.jp
98%
Madagascar.mg
98%
Nepal.np
98%
Thailand.th
98%
Zambia.zm
98%
Belgium.be
97%
Canada.ca
97%
Egypt.eg
97%
Fiji.fj
97%
Israel.il
97%
Kazakhstan.kz
97%
Lybia.ly
97%
Russia.ru
97%
Tonga.to
97%
Tuvalu.tv
97%
Uzbekistan.uz
97%
Singapore.sg
93%
China.cn
90%
Germany.de
90%
Ireland.ie
90%
Myanmar.mm
87%
South Korea.kr
75%

Score Distribution

Percentile by Number Answered

Percent of People with Each Score

Your Score History

You have not taken this quiz